| 000 | 00346nam a22001457a 4500 | ||
|---|---|---|---|
| 003 | SGT | ||
| 020 | _a9789351865544 | ||
| 082 |
_a342.0954 _bY16S |
||
| 100 | _aSWARUP, DEVENDRA | ||
| 245 | _aYAH SANVIDHAN HMARA YA ANGREJO KA? | ||
| 260 |
_aINDIA _bPRABHAT PRAKASHAN _c2016 |
||
| 300 | _a159 | ||
| 650 | _aINDIAN CONSTITUTION | ||
| 942 |
_2ddc _cBK |
||
| 999 |
_c26196 _d26196 |
||